| 000 | 01863nam0a2200325 4500 | ||
|---|---|---|---|
| 001 | RU\NLR\bibl\1463763 | ||
| 005 | 20260412030924.0 | ||
| 010 |
_a978-5-904030-85-8 _9200 |
||
| 035 | _a(NLR Aleph) 001455508 | ||
| 090 |
_a1550087 _c1550087 |
||
| 100 | _a20100121d2009 |||y0rusy50 ca | ||
| 101 | 0 | _arus | |
| 102 | _aRU | ||
| 105 | _aa ||||||||| | ||
| 200 | 1 |
_aПроблемы адаптации человека к экологическим и социальным условиям Севера _e[по материалам 4-го Симпозиума с международным участием, г. Сыктывкар, 7-8 октяря 2008 г.] _fотв. ред.: д.м.н., проф. Е.Р. Бойко |
|
| 210 |
_aСыктывкар _cИнформационно-издательский отдел Коми научного центра УрО РАН _aСанкт-Петербург _cПолитехника-сервис _d2009 |
||
| 215 |
_a264 с. _cил. _d21 |
||
| 300 | _aВ надзаг.: Рос. акад. наук, Урал. отд-ние, Коми науч. центр, Ин-т физиологии | ||
| 320 | _aБиблиогр.: с. 237-261 | ||
| 606 | 1 |
_aЧеловек _xАдаптация к условиям полярного климата _91939535 _3RU\NLR\auth\661174410 |
|
| 606 | 1 |
_aЗдравоохранение _yРоссийская Федерация _yСевер _92297520 _3RU\NLR\auth\661375681 |
|
| 686 | _aР120.172.4 | ||
| 686 | _aР11(2Р1) | ||
| 702 | 1 |
_4340 _8rus _7ca _aБойко _bЕ. Р. _cд-р мед. наук _f1960- _gЕвгений Рафаилович _3RU\NLR\AUTH\7745812 _928747 |
|
| 712 | 0 | 2 |
_4570 _aИнститут физиологии _cСыктывкар _3RU\NLR\AUTH\889949246 _9394120 |
| 801 | 0 |
_aRU _bNLR _c20100121 _gRCR |
|
| 801 | 1 |
_aRU _bNLR _c20100121 |
|
| 942 | _cBOOK | ||
| 980 | _aNB | ||